Software engineering / (Record no. 19933)
[ view plain ]
| 000 -LEADER | |
|---|---|
| fixed length control field | 01015nam a22002657a 4500 |
| 005 - DATE AND TIME OF LATEST TRANSACTION | |
| control field | 20150726112642.0 |
| 008 - FIXED-LENGTH DATA ELEMENTS--GENERAL INFORMATION | |
| fixed length control field | 150625r20092003ii adk frbd 000 0 eng d |
| 020 ## - INTERNATIONAL STANDARD BOOK NUMBER | |
| International Standard Book Number | 9788121922012 |
| 040 ## - CATALOGING SOURCE | |
| Original cataloging agency | EG-ScBUE |
| Language of cataloging | eng |
| Transcribing agency | EG-ScBUE |
| 082 04 - DEWEY DECIMAL CLASSIFICATION NUMBER | |
| Classification number | 005.1 |
| Item number | MAT |
| Edition number | 22 |
| 100 1# - MAIN ENTRY--PERSONAL NAME | |
| Personal name | Mathew, Sajan. |
| 9 (RLIN) | 12914 |
| 245 10 - TITLE STATEMENT | |
| Title | Software engineering / |
| Statement of responsibility, etc | Sajan Mathew. |
| 250 ## - EDITION STATEMENT | |
| Edition statement | 1st ed., Reprinted. |
| 260 ## - PUBLICATION, DISTRIBUTION, ETC. (IMPRINT) | |
| Place of publication, distribution, etc | New Delhi : |
| Name of publisher, distributor, etc | S. Chand & Company Ltd., |
| Date of publication, distribution, etc | 2009. |
| 300 ## - PHYSICAL DESCRIPTION | |
| Extent | xv, 375 p. : |
| Other physical details | charts, forms, tables ; |
| Dimensions | 25 cm. |
| 500 ## - GENERAL NOTE | |
| General note | Glossary : p. 358-370. |
| 500 ## - GENERAL NOTE | |
| General note | Reprint of the 2003 ed. |
| 504 ## - BIBLIOGRAPHY, ETC. NOTE | |
| Bibliography, etc | Bibliography : p. 371-374. |
| 521 ## - TARGET AUDIENCE NOTE | |
| Target audience note | for undergraduate and post graduate programs in computer science, computer application, information technology, software engineering and related fields at the engineering college and university level. |
| 650 #7 - SUBJECT ADDED ENTRY--TOPICAL TERM | |
| Topical term or geographic name as entry element | Software engineering. |
| Source of heading or term | BUEsh |
| 9 (RLIN) | 3832 |
| 651 ## - SUBJECT ADDED ENTRY--GEOGRAPHIC NAME | |
| Source of heading or term | BUEsh |
| 653 ## - INDEX TERM--UNCONTROLLED | |
| Resource For college | Informatics and Computer Science |
| Arrived date list | June2015 |
| -- | July2015 |
| 655 ## - INDEX TERM--GENRE/FORM | |
| Form subdivision | |
| -- | 34232 |
| 942 ## - ADDED ENTRY ELEMENTS (KOHA) | |
| Source of classification or shelving scheme | Dewey Decimal Classification |
| Call number prefix | 005.1 MAT |
| Withdrawn status | Lost status | Source of classification or shelving scheme | Damaged status | Not for loan | Koha collection | Home library | Current library | Shelving location | Date acquired | Source of acquisition | Cost, normal purchase price | Serial Enumeration / chronology | Total Checkouts | Full call number | Barcode | Date last seen | Cost, replacement price | Koha item type |
|---|---|---|---|---|---|---|---|---|---|---|---|---|---|---|---|---|---|---|
| Dewey Decimal Classification | Alahram | Central Library | Central Library | Lower Floor | 25/06/2015 | 52.50 | 311 | 005.1 MAT | 000038829 | 15/07/2025 | 65.63 | Book - Borrowing |